000 00483nam a2200193Ia 4500
005 20250522104238.0
008 008 250516s9999 xx 000 0 eng d
020 _a9780571385119
040 _aSDCL
_beng
_cSDCL
041 _aeng
_2eng
084 _aO-,3N51, R4 LR
_qSDCL
100 _aAciman, Andre
_9755904
245 0 _aGentleman from Peru
260 _aLondon:
_bFaber Faber,
_c2024.
300 _a169p.
365 _aINR
_b599
650 _aReference
942 _cTEXL
999 _c1429674
_d1429674